Statistics for Countries Kevin Hart has Visited

Click here to take the quiz!

General Stats

  • This quiz has been taken 11 times
  • The average score is 18 of 20

Answer Stats

ContinentCountry% Correct
OceaniaAustralia
100%
EuropeFrance
100%
EuropeGermany
100%
EuropeIreland
100%
EuropeNetherlands
100%
OceaniaNew Zealand
100%
AfricaSouth Africa
100%
EuropeSweden
100%
EuropeUnited Kingdom
100%
EuropeBelgium
89%
North AmericaCanada
89%
EuropeDenmark
89%
EuropeNorway
89%
AsiaSingapore
89%
AsiaUnited Arab Emirates
89%
EuropeFinland
78%
EuropeIceland
78%
AsiaSaudi Arabia
78%
North AmericaUnited States of America
78%
AsiaBahrain
67%

Score Distribution

Percentile by Number Answered

Percent of People with Each Score

Your Score History

You have not taken this quiz